[Event "EU-ch Blitz"]
[Site "Katowice"]
[Date "2022.12.16"]
[Round "3"]
[White "Fus, Jakub"]
[Black "Kindler, Przemyslaw"]
[Result "1-0"]
[WhiteElo "2405"]
[BlackElo "2007"]
[PlyCount "80"]
[EventDate "2022.12.16"]
[EventType "swiss (blitz)"]
[EventRounds "22"]
[EventCountry "POL"]
[SourceTitle "CBM 211 Extra"]
[Source "ChessBase"]
[SourceDate "2023.01.31"]
[SourceVersion "1"]
[SourceVersionDate "2023.01.31"]
[SourceQuality "1"]

1. Nf3 b6 2. g3 Bb7 3. Bg2 e6 4. 0-0 Nf6 5. c4 d5 6. cxd5 Nxd5 7. b3 Be7 8. Bb2 Bf6 9. d4 0-0 10. Nbd2 Nc6 11. Nc4 a5 12. e4 Ndb4 13. a3 Na6 14. Qd2 b5 15. Ne3 e5 16. d5 Nd4 17. Nxd4 exd4 18. Bxd4 Bxd4 19. Qxd4 c5 20. Qb2 f6 21. Rac1 Re8 22. Nf5 Bc8 23. Ne3 Qd6 24. Rfd1 Bd7 25. Qd2 Nc7 26. Qc3 Na6 27. h4 b4 28. Qb2 bxa3 29. Qxa3 Nb4 30. Nc4 Qa6 31. Ne3 Qb5 32. Bf1 Qb6 33. Nc4 Qd8 34. Nd6 Bg4 35. Nxe8 Bxd1 36. Nxf6+ Qxf6 37. Rxd1 Qc3 38. d6 a4 39. d7 Nc6 40. Bc4+ Kf8 1-0

[Event "EU-ch Rapid"]
[Site "Katowice"]
[Date "2021.12.19"]
[Round "10"]
[White "Godzwon, Iwo"]
[Black "Kindler, Przemyslaw"]
[Result "0-1"]
[WhiteElo "2352"]
[BlackElo "2018"]
[PlyCount "84"]
[EventDate "2021.12.18"]
[EventType "swiss (rapid)"]
[EventRounds "11"]
[EventCountry "POL"]
[SourceTitle "CBM 205 Extra"]
[Source "ChessBase"]
[SourceDate "2022.01.31"]
[SourceVersion "1"]
[SourceVersionDate "2022.01.31"]
[SourceQuality "1"]

1. b3 e5 2. Bb2 Nc6 3. e3 d5 4. Bb5 Bd6 5. Ne2 Nge7 6. 0-0 0-0 7. f4 f6 8. Nbc3 a6 9. Bxc6 bxc6 10. Ng3 Qe8 11. f5 e4 12. Nce2 Bd7 13. d3 Qc8 14. dxe4 dxe4 15. Nxe4 Nxf5 16. Qd3 Qe8 17. Nxd6 Nxd6 18. Ng3 Rd8 19. Ba3 Rf7 20. Bxd6 Bc8 21. Ne4 cxd6 22. Rad1 Rfd7 23. Rd2 Qe7 24. Ng3 Bb7 25. Nf5 Qe6 26. c4 c5 27. Qc3 d5 28. cxd5 Rxd5 29. Qc4 Re8 30. Rdf2 g6 31. Nh6+ Kg7 32. Ng4 Rg5 33. h3 Qxc4 34. bxc4 f5 35. Nh2 Rxe3 36. Rd1 Be4 37. Rd7+ Kh6 38. Re7 Rxh3 39. Nf1 Rc3 40. g3 Rh5 41. Rh2 Rxh2 42. Kxh2 Rc2+ 0-1

[Event "EU-ch Blitz"]
[Site "Katowice"]
[Date "2021.12.17"]
[Round "16"]
[White "Kindler, Przemyslaw"]
[Black "Tymrakiewicz, Rafal"]
[Result "0-1"]
[WhiteElo "2018"]
[BlackElo "2205"]
[PlyCount "84"]
[EventDate "2021.12.17"]
[EventType "swiss (blitz)"]
[EventRounds "22"]
[EventCountry "POL"]
[SourceTitle "CBM 205 Extra"]
[Source "ChessBase"]
[SourceDate "2022.01.31"]
[SourceVersion "1"]
[SourceVersionDate "2022.01.31"]
[SourceQuality "1"]

1. e4 Nf6 2. e5 Nd5 3. Nf3 d6 4. d4 g6 5. c4 Nb6 6. exd6 cxd6 7. Nc3 Bg7 8. Be3 0-0 9. Rc1 Bg4 10. b3 d5 11. c5 Nc8 12. Be2 Nc6 13. 0-0 e6 14. h3 Bxf3 15. Bxf3 N8e7 16. a3 Nf5 17. Ne2 Nh4 18. Ng3 Nxf3+ 19. gxf3 Qh4 20. Kg2 Nxd4 21. Bxd4 Bxd4 22. Qd2 Bg7 23. Rc2 Rfc8 24. b4 Rc7 25. Qd3 Rac8 26. Re2 a6 27. Rd1 Qf4 28. Rde1 a5 29. Qb3 axb4 30. axb4 h5 31. Re3 Qf6 32. Nf1 Ra8 33. R3e2 Qg5+ 34. Kh2 Qf4+ 35. Kg2 Kh7 36. Re3 Qg5+ 37. Kh2 Qh4 38. Kg2 Qf6 39. Qc2 Qg5+ 40. Kh1 Qh4 41. f4 Qxf4 42. b5 Rac8 0-1

[Event "POL-chT Academic"]
[Site "Chorzow"]
[Date "2021.05.15"]
[Round "2.1"]
[White "Kindler, Przemyslaw"]
[Black "Lewicki, Miroslaw"]
[Result "0-1"]
[WhiteElo "2055"]
[BlackElo "2348"]
[PlyCount "62"]
[EventDate "2021.05.15"]
[EventType "team-swiss (rapid)"]
[EventRounds "9"]
[EventCountry "POL"]
[SourceTitle "CBM 202 Extra"]
[Source "ChessBase"]
[SourceDate "2021.07.31"]
[SourceVersion "1"]
[SourceVersionDate "2021.07.31"]
[SourceQuality "1"]
[WhiteTeam "Gdansk Politechnika"]
[BlackTeam "Krakow Gorniczo Hutnicza Acad"]
[WhiteTeamCountry "POL"]
[BlackTeamCountry "POL"]

1. e4 b6 2. d4 Bb7 3. Nc3 g6 4. Be3 Bg7 5. Qd2 e6 6. f3 d5 7. Be2 Nd7 8. Nh3 Ne7 9. Bh6 0-0 10. Bxg7 Kxg7 11. 0-0 c5 12. Rad1 cxd4 13. Qxd4+ e5 14. Qf2 d4 15. Nb1 Nc5 16. b4 Ne6 17. c3 Rc8 18. cxd4 Nxd4 19. Rd2 Qd6 20. a3 f5 21. exf5 Rxf5 22. Qe1 Nd5 23. Bd3 Rh5 24. Be4 Ba6 25. Rff2 Nf6 26. Rd1 Rc7 27. Rfd2 Nxe4 28. Qxe4 Bb7 29. Qg4 Bc8 30. Qg3 Ne2+ 31. Kf2 Qxd2 0-1

[Event "POL-chT Academic"]
[Site "Katowice"]
[Date "2020.11.15"]
[Round "8.8"]
[White "Kindler, Przemyslaw"]
[Black "Molenda, Marcin"]
[Result "0-1"]
[WhiteElo "2096"]
[BlackElo "2349"]
[PlyCount "50"]
[EventDate "2020.11.14"]
[EventType "team-swiss (rapid)"]
[EventRounds "9"]
[EventCountry "POL"]
[SourceTitle "CBM 199 Extra"]
[Source "ChessBase"]
[SourceDate "2021.01.31"]
[SourceVersion "1"]
[SourceVersionDate "2021.01.31"]
[SourceQuality "1"]
[WhiteTeam "Gdansk Politechnika"]
[BlackTeam "Krakow Gorniczo Hutnicza Akad"]
[WhiteTeamCountry "POL"]
[BlackTeamCountry "POL"]

1. e4 c5 2. Nf3 g6 3. c3 Bg7 4. d4 cxd4 5. cxd4 d5 6. e5 Nc6 7. Nc3 Nh6 8. Qb3 Nf5 9. Qxd5 Nfxd4 10. Nxd4 Nxd4 11. Bb5+ Nxb5 12. Qxb5+ Qd7 13. 0-0 0-0 14. Qe2 Qe6 15. f4 Bd7 16. Be3 Bc6 17. Rad1 b6 18. Rd2 Rad8 19. Rfd1 Rxd2 20. Rxd2 f6 21. exf6 Bxf6 22. Bd4 Qxe2 23. Nxe2 Rd8 24. g3 Bb5 25. Nc3 Rxd4 0-1

[Event "POL-ch Academic"]
[Site "Katowice"]
[Date "2020.11.14"]
[Round "9"]
[White "Kindler, Przemyslaw"]
[Black "Marczuk, Dominik"]
[Result "1/2-1/2"]
[WhiteElo "2096"]
[BlackElo "2292"]
[PlyCount "157"]
[EventDate "2020.11.13"]
[EventType "swiss (rapid)"]
[EventRounds "9"]
[EventCountry "POL"]
[SourceTitle "CBM 199 Extra"]
[Source "ChessBase"]
[SourceDate "2021.01.31"]
[SourceVersion "1"]
[SourceVersionDate "2021.01.31"]
[SourceQuality "1"]

1. e4 c6 2. d4 d5 3. Nc3 dxe4 4. Nxe4 Bf5 5. Ng3 Bg6 6. f4 e6 7. Nf3 Nd7 8. Bd3 Bxd3 9. Qxd3 g6 10. Bd2 Bg7 11. Bb4 Ne7 12. 0-0 0-0 13. Rae1 Re8 14. c4 Rc8 15. Ne4 Qb6 16. Bc3 c5 17. Kh1 cxd4 18. Nxd4 Nc5 19. Qg3 Nxe4 20. Rxe4 Red8 21. Nc2 Nf5 22. Qh3 Nd6 23. Re2 Bxc3 24. bxc3 Rxc4 25. Nd4 Nf5 26. Nxf5 exf5 27. Rfe1 Qc6 28. Re3 Kg7 29. Qh4 Rd2 30. Qg3 Ra4 31. Re7 Raxa2 32. Qg5 Qxg2+ 33. Qxg2 Rxg2 34. Rxb7 Rxh2+ 35. Kg1 Rhg2+ 36. Kh1 Rgf2 37. Kg1 Rxf4 38. Ree7 Kh6 39. Rxf7 Re4 40. Rxh7+ Kg5 41. Rb1 Rc4 42. Rc1 Ra3 43. Kf2 Raxc3 44. Rg1+ Kf6 45. Rxa7 Rc2+ 46. Ke3 R4c3+ 47. Kd4 Rc6 48. Ra8 R2c4+ 49. Kd3 Rh4 50. Rg8 Kf7 51. Rd8 Re6 52. Rd7+ Kf6 53. Rd8 Rh3+ 54. Kd2 f4 55. Rf8+ Ke5 56. Re1+ Kd6 57. Rxe6+ Kxe6 58. Rxf4 Ke5 59. Rf8 Ke4 60. Ke2 Rh2+ 61. Kf1 Rh4 62. Kg2 Rf4 63. Re8+ Kf5 64. Kg3 Ra4 65. Rb8 Ra3+ 66. Kg2 Kg4 67. Rb4+ Kh5 68. Rc4 g5 69. Rb4 g4 70. Rb5+ Kh4 71. Rb2 Rg3+ 72. Kh2 Rh3+ 73. Kg2 Rd3 74. Ra2 Rd4 75. Rb2 g3 76. Ra2 Rf4 77. Rb2 Kg4 78. Ra2 Rb4 79. Rc2 1/2-1/2

[Event "POL-ch Academic"]
[Site "Katowice"]
[Date "2020.11.13"]
[Round "3"]
[White "Kindler, Przemyslaw"]
[Black "Molenda, Marcin"]
[Result "1-0"]
[WhiteElo "2096"]
[BlackElo "2349"]
[PlyCount "83"]
[EventDate "2020.11.13"]
[EventType "swiss (rapid)"]
[EventRounds "9"]
[EventCountry "POL"]
[SourceTitle "CBM 199 Extra"]
[Source "ChessBase"]
[SourceDate "2021.01.31"]
[SourceVersion "1"]
[SourceVersionDate "2021.01.31"]
[SourceQuality "1"]

1. e4 c5 2. Nf3 e6 3. d4 cxd4 4. Nxd4 Nc6 5. c4 Nf6 6. Nc3 Bb4 7. Nxc6 bxc6 8. Qc2 e5 9. Be2 0-0 10. 0-0 Bc5 11. Qd3 d6 12. Be3 Qe7 13. Rfd1 Be6 14. b3 Rfd8 15. Bf3 h6 16. Bxc5 dxc5 17. Qe3 Rd4 18. Ne2 Rd7 19. Rxd7 Nxd7 20. Rd1 a5 21. Nc3 Nb6 22. a4 Rb8 23. Rd3 Nd7 24. Bd1 Nf8 25. Qd2 f6 26. Ne2 Bg4 27. f3 Be6 28. Qxa5 Bf7 29. Ng3 g6 30. Qd2 Kg7 31. f4 Rb7 32. f5 g5 33. Bh5 Bg8 34. Rd8 Rxb3 35. Bg6 Rb1+ 36. Kf2 Qb7 37. Qd6 Qb2+ 38. Ne2 Nxg6 39. Rd7+ Bf7 40. fxg6 Kxg6 41. Qf8 Bxc4 42. Qe8+ 1-0

[Event "EU-ch rapid"]
[Site "Katowice"]
[Date "2017.12.16"]
[Round "2"]
[White "Kindler, Przemyslaw"]
[Black "Fedorov, Alexei"]
[Result "0-1"]
[WhiteElo "2058"]
[BlackElo "2573"]
[PlyCount "127"]
[EventDate "2017.12.16"]
[EventType "swiss (rapid)"]
[EventRounds "11"]
[EventCountry "POL"]
[SourceTitle "CBM 182 Extra"]
[Source "ChessBase"]
[SourceDate "2018.02.23"]
[SourceVersion "1"]
[SourceVersionDate "2018.02.23"]
[SourceQuality "1"]

1. e4 c5 2. Nf3 Nc6 3. d3 g6 4. g3 Bg7 5. Bg2 e5 6. 0-0 Nge7 7. Be3 d6 8. Qd2 0-0 9. Bh6 f5 10. Bxg7 Kxg7 11. exf5 gxf5 12. Nc3 f4 13. Ne4 Ng6 14. h4 Kh8 15. c3 Bg4 16. Nh2 Bh5 17. Ng5 Qe7 18. Bd5 h6 19. Ngf3 Qd7 20. Ne1 Rf6 21. Ng2 Nge7 22. Bxc6 Nxc6 23. gxf4 Rg8 24. fxe5 Qh3 25. f4 Rxg2+ 26. Qxg2 Rg6 27. Qxg6 Bxg6 28. Rf3 Qe6 29. exd6 Bf5 30. Kf2 Qxd6 31. Re1 Kg7 32. Nf1 Bg4 33. Rg3 h5 34. Re4 Kf7 35. Nh2 Bf5 36. Ree3 Qxf4+ 37. Ref3 Qd2+ 38. Kg1 Ne7 39. Rf2 Qc1+ 40. Kg2 Ke6 41. Nf3 Bg4 42. Ng5+ Kd7 43. Ne4 Nf5 44. Nf6+ Kc8 45. Nxg4 Nxg3 46. Kxg3 hxg4 47. Kxg4 Qg1+ 48. Kf3 Qb1 49. Kg4 Qg1+ 50. Kf3 Kd7 51. Rd2 Qf1+ 52. Kg4 Ke6 53. Rh2 Qg1+ 54. Kh3 Kf5 55. Rg2 Qf1 56. Kg3 Qxd3+ 57. Kh2 Qf3 58. a3 c4 59. Rg3 Qf2+ 60. Rg2 Qxh4+ 61. Kg1 Qe1+ 62. Kh2 Kf4 63. Rg7 Qd2+ 64. Rg2 0-1